| 000 | 00968nam a22002537a 4500 | ||
|---|---|---|---|
| 005 | 20170124103040.0 | ||
| 010 | _aA-890086 | ||
| 020 | _c125.00 | ||
| 035 | _aA-890086 | ||
| 037 | _bCen Lib/Ret | ||
| 040 |
_aDPL _bHN |
||
| 082 |
_aक _bचर्चित |
||
| 245 |
_aचर्चित दलित कहानियां / _cसंपादक कुसुम |
||
| 246 |
_aCharchit dalit kahaniyan / _bsampadak Kusum |
||
| 260 |
_aदिल्ली _bललित प्रकाशन _c1997 |
||
| 270 |
_bदिल्ली _a29/59-ए, गली-11, विश्वास नगर, शाहदरा _e110032 |
||
| 300 |
_a128पृ. _c21सेमी (सजिल्द) |
||
| 650 |
_aहिन्दी साहित्य _967040 |
||
| 650 |
_aकहानियां _967041 |
||
| 650 |
_aHindi literature _967042 |
||
| 650 |
_aStories _97500 |
||
| 700 |
_aकुसुम _96954 |
||
| 942 |
_2ddc _cHN _hक _mचर्चित |
||
| 999 |
_c116537 _d116537 |
||